Sams teach yourself ASP.NET Ajax in 24 hours / (Record no. 11503)
[ view plain ]
| 000 -LEADER | |
|---|---|
| fixed length control field | 01339cam a2200337 a 4500 |
| 001 - CONTROL NUMBER | |
| control field | 15340367 |
| 005 - DATE AND TIME OF LATEST TRANSACTION | |
| control field | 20081112181309.0 |
| 008 - FIXED-LENGTH DATA ELEMENTS--GENERAL INFORMATION | |
| fixed length control field | 080623s2009 inua 001 0 eng |
| 010 ## - LIBRARY OF CONGRESS CONTROL NUMBER | |
| LC control number | 2008028005 |
| 020 ## - INTERNATIONAL STANDARD BOOK NUMBER | |
| International Standard Book Number | 0672329670 |
| 020 ## - INTERNATIONAL STANDARD BOOK NUMBER | |
| International Standard Book Number | 9780672329678 |
| 035 ## - SYSTEM CONTROL NUMBER | |
| System control number | (OCoLC)ocn232656806 |
| 035 ## - SYSTEM CONTROL NUMBER | |
| System control number | (OCoLC)232656806 |
| 040 ## - CATALOGING SOURCE | |
| Original cataloging agency | DLC |
| Transcribing agency | DLC |
| Modifying agency | YDXCP |
| -- | BAKER |
| -- | C#P |
| -- | BWX |
| -- | IXA |
| -- | DLC |
| 050 00 - LIBRARY OF CONGRESS CALL NUMBER | |
| Classification number | TK5105.8885.A26 |
| Item number | K365 2009 |
| 082 00 - DEWEY DECIMAL CLASSIFICATION NUMBER | |
| Classification number | 006.7882 |
| Edition number | 22 |
| Item number | KAN |
| 100 1# - MAIN ENTRY--PERSONAL NAME | |
| Personal name | Kanjilal, Joydip. |
| 9 (RLIN) | 4608 |
| 245 10 - TITLE STATEMENT | |
| Title | Sams teach yourself ASP.NET Ajax in 24 hours / |
| Statement of responsibility, etc | Joydip Kanjilal and Sriram Putrevu. |
| 246 30 - VARYING FORM OF TITLE | |
| Title proper/short title | ASP.NET Ajax in 24 hours |
| 260 ## - PUBLICATION, DISTRIBUTION, ETC. (IMPRINT) | |
| Place of publication, distribution, etc | Indianapolis, Ind. : |
| Name of publisher, distributor, etc | Sams, |
| Date of publication, distribution, etc | c2009. |
| 300 ## - PHYSICAL DESCRIPTION | |
| Extent | xiv, 408 p. : |
| Other physical details | ill. ; |
| Dimensions | 24 cm. |
| 500 ## - GENERAL NOTE | |
| General note | Includes index. |
| 630 00 - SUBJECT ADDED ENTRY--UNIFORM TITLE | |
| Uniform title | Active server pages. |
| 9 (RLIN) | 4609 |
| 650 #0 - SUBJECT ADDED ENTRY--TOPICAL TERM | |
| Topical term or geographic name as entry element | Ajax (Web site development technology) |
| 9 (RLIN) | 4610 |
| 650 #0 - SUBJECT ADDED ENTRY--TOPICAL TERM | |
| Topical term or geographic name as entry element | Application software |
| General subdivision | Development. |
| 9 (RLIN) | 4611 |
| 650 #0 - SUBJECT ADDED ENTRY--TOPICAL TERM | |
| Topical term or geographic name as entry element | Microsoft .NET. |
| 9 (RLIN) | 4612 |
| 700 1# - ADDED ENTRY--PERSONAL NAME | |
| Personal name | Putrevu, Sriram. |
| 9 (RLIN) | 4613 |
| 942 ## - ADDED ENTRY ELEMENTS (KOHA) | |
| Source of classification or shelving scheme | Dewey Decimal Classification |
| Item type | Book - Borrowing |
| Withdrawn status | Item status | Source of classification or shelving scheme | Damaged status | Not for loan | Vendor | Home library | Current library | Shelving location | Date acquired | Source of acquisition | Cost, normal purchase price | Serial Enumeration / chronology | Total Checkouts | Total Renewals | Full call number | Barcode | Date last seen | Date last borrowed | Koha item type |
|---|---|---|---|---|---|---|---|---|---|---|---|---|---|---|---|---|---|---|---|
| Dewey Decimal Classification | Alahram | Central Library | Central Library | Lower Floor | 06/05/2009 | 216.50 | 378 | 3 | 2 | 006.7882 KAN | 000016275 | 15/07/2025 | 09/10/2017 | Book - Borrowing |